<?xml version="1.0" encoding="UTF-8"?>
<record
    xmlns:xsi="http://www.w3.org/2001/XMLSchema-instance"
    xsi:schemaLocation="http://www.loc.gov/MARC21/slim http://www.loc.gov/standards/marcxml/schema/MARC21slim.xsd"
    xmlns="http://www.loc.gov/MARC21/slim">

  <leader>00927nam a22002177a 4500</leader>
  <controlfield tag="005">20141126142422.0</controlfield>
  <controlfield tag="008">141126b2009    ck |||||r|||| 00| 0 spa d</controlfield>
  <datafield tag="040" ind1=" " ind2=" ">
    <subfield code="c">CO-BoIH</subfield>
  </datafield>
  <datafield tag="041" ind1=" " ind2=" ">
    <subfield code="a">spa</subfield>
  </datafield>
  <datafield tag="044" ind1=" " ind2=" ">
    <subfield code="a">ck</subfield>
  </datafield>
  <datafield tag="090" ind1=" " ind2=" ">
    <subfield code="a">EA</subfield>
    <subfield code="b">00165</subfield>
  </datafield>
  <datafield tag="100" ind1="1" ind2=" ">
    <subfield code="a">Wilches-Chaux, Gustavo</subfield>
    <subfield code="9">29204</subfield>
  </datafield>
  <datafield tag="245" ind1=" " ind2=" ">
    <subfield code="a">Cuadernillo de Trabajo Lineamientos para la Construcci&#xF3;n de la Pol&#xED;tica Departamental de Educaci&#xF3;n Ambiental en Cundinamarca </subfield>
    <subfield code="c">Gustavo, Wilches-Chaux... (et al.)</subfield>
  </datafield>
  <datafield tag="260" ind1=" " ind2=" ">
    <subfield code="a">Bogot&#xE1; D.C :</subfield>
    <subfield code="b">Corporaci&#xF3;n Aut&#xF3;noma Regional de Cundinamarca-CAR,  </subfield>
    <subfield code="b">Ecopetrol,</subfield>
    <subfield code="b">Universidad Nacional Abierta y a Distancia-UNAD,  </subfield>
    <subfield code="c">2009.</subfield>
  </datafield>
  <datafield tag="300" ind1=" " ind2=" ">
    <subfield code="a">94 pag</subfield>
    <subfield code="c">28 cm.</subfield>
  </datafield>
  <datafield tag="650" ind1=" " ind2="6">
    <subfield code="a">Educaci&#xF3;n Ambiental </subfield>
    <subfield code="z">Cundinamarca( Dpt. Colombia)</subfield>
    <subfield code="9">29205</subfield>
  </datafield>
  <datafield tag="650" ind1=" " ind2="6">
    <subfield code="a">Medio Ambiente </subfield>
    <subfield code="z">Cundinamarca( Dpt. Colombia)</subfield>
    <subfield code="9">29206</subfield>
  </datafield>
  <datafield tag="650" ind1=" " ind2=" ">
    <subfield code="a">Pol&#xED;tica Ambiental</subfield>
    <subfield code="z">Cundinamarca( Dpt. Colombia)</subfield>
    <subfield code="9">29207</subfield>
  </datafield>
  <datafield tag="700" ind1=" " ind2=" ">
    <subfield code="a">Murcia-Garc&#xED;a, Misael</subfield>
    <subfield code="9">29203</subfield>
  </datafield>
  <datafield tag="942" ind1=" " ind2=" ">
    <subfield code="2">z</subfield>
    <subfield code="c">LIBRO</subfield>
  </datafield>
  <datafield tag="999" ind1=" " ind2=" ">
    <subfield code="c">8827</subfield>
    <subfield code="d">8827</subfield>
  </datafield>
  <datafield tag="952" ind1=" " ind2=" ">
    <subfield code="0">0</subfield>
    <subfield code="1">0</subfield>
    <subfield code="2">z</subfield>
    <subfield code="4">0</subfield>
    <subfield code="7">0</subfield>
    <subfield code="8">EDUAMBIENT</subfield>
    <subfield code="I">INV2017</subfield>
    <subfield code="a">Venado</subfield>
    <subfield code="b">Venado</subfield>
    <subfield code="d">2014-11-26</subfield>
    <subfield code="e">Instituto</subfield>
    <subfield code="g">39000.00</subfield>
    <subfield code="l">0</subfield>
    <subfield code="o">EA-00165</subfield>
    <subfield code="p">034894</subfield>
    <subfield code="r">2014-11-26 00:00:00</subfield>
    <subfield code="t">Ej. 1</subfield>
    <subfield code="w">2014-11-26</subfield>
    <subfield code="x">Donaci&#xF3;n</subfield>
    <subfield code="y">LIBRO</subfield>
  </datafield>
</record>
